[Event "17. Europa ch Juvenil - Masculino s14"]
[Site "Sibenik CRO"]
[Date "2007.09.14"]
[Round "1.1"]
[White "Zherebukh, Yaroslav"]
[Black "Straubinger, Daniel"]
[Result "1/2-1/2"]
[WhiteElo "2418"]
[BlackElo "2019"]
[PlyCount "91"]
[EventDate "2007.09.14"]
[EventType "swiss"]
[EventRounds "9"]
[EventCountry "CRO"]
[Source "lmi"]
[SourceDate "2007.09.14"]

1. e4 e5 2. Nf3 Nc6 3. Bb5 a6 4. Ba4 Nf6 5. O-O Be7 6. Re1 b5 7. Bb3 d6 8. c3
O-O 9. h3 Na5 10. Bc2 c5 11. d4 Qc7 12. Nbd2 cxd4 13. cxd4 Nc6 14. Nb3 a5 15.
a4 Nb4 16. Bb1 bxa4 17. Rxa4 Bd7 18. Ra3 a4 19. Nbd2 Nc6 20. Rc3 Qa7 21. d5 Na5
22. Bc2 Nb7 23. Nc4 Nc5 24. Be3 Rfc8 25. Nfd2 Qb7 26. f4 exf4 27. Bxf4 Ne8 28.
Qh5 g6 29. Qf3 Bf6 30. e5 dxe5 31. Bxe5 Bxe5 32. Nxe5 Bb5 33. Nc6 Bxc6 34. dxc6
Qa7 35. Qf2 Ne6 36. Qxa7 Rxa7 37. Re4 Rb8 38. Nc4 Ra6 39. Ne5 Rxb2 40. Bxa4 Nd6
41. Rg4 h5 42. Rh4 Nf5 43. Rhc4 Nd6 44. Rh4 Nf5 45. Rhc4 Nd6 46. Rh4 1/2-1/2

[Event "17. Europa ch Juvenil - Masculino s14"]
[Site "Sibenik CRO"]
[Date "2007.09.14"]
[Round "1.2"]
[White "Marguerettaz, Davy"]
[Black "Sjugirov, Sanan"]
[Result "0-1"]
[WhiteElo "2005"]
[BlackElo "2407"]
[PlyCount "69"]
[EventDate "2007.09.14"]
[EventType "swiss"]
[EventRounds "9"]
[EventCountry "CRO"]
[Source "lmi"]
[SourceDate "2007.09.14"]

1. e4 c5 2. Nf3 d6 3. Bb5+ Nc6 4. O-O Bd7 5. Re1 Nf6 6. c3 a6 7. Bf1 Bg4 8. h3
Bxf3 9. Qxf3 g6 10. d3 Bg7 11. Qe2 O-O 12. Nd2 Nd7 13. f4 b5 14. Nf3 b4 15. Bd2
Rb8 16. Rab1 bxc3 17. bxc3 Qa5 18. d4 Rxb1 19. Rxb1 cxd4 20. Qc4 dxc3 21. Qxc6
cxd2 22. Qxd7 Qc5+ 23. Kh1 Qc2 24. Nxd2 Qxd2 25. Bxa6 Qxf4 26. Qg4 Qd2 27. Qe2
Qa5 28. Bb5 Be5 29. a4 Rc8 30. Qe1 Bc3 31. Qf2 Bg7 32. Qe3 Rc5 33. Qe2 Be5 34.
Qe1 Qc7 35. Qd2 0-1

[Event "17. Europa ch Juvenil - Masculino s14"]
[Site "Sibenik CRO"]
[Date "2007.09.14"]
[Round "1.3"]
[White "Stukopin, Andrey"]
[Black "Straka, Josef Jr"]
[Result "1/2-1/2"]
[WhiteElo "2349"]
[BlackElo "2004"]
[PlyCount "61"]
[EventDate "2007.09.14"]
[EventType "swiss"]
[EventRounds "9"]
[EventCountry "CRO"]
[Source "lmi"]
[SourceDate "2007.09.14"]

1. e4 c5 2. Nc3 Nc6 3. g3 g6 4. d3 Bg7 5. Be3 d6 6. Bg2 e6 7. Qd2 Rb8 8. Nge2
Nd4 9. Nd1 Nxe2 10. Qxe2 Ne7 11. Qd2 O-O 12. O-O b6 13. d4 Bb7 14. d5 e5 15.
Bh6 f5 16. Bxg7 Kxg7 17. exf5 Nxf5 18. c3 Qc7 19. Re1 Rbe8 20. Ne3 Re7 21.
Nxf5+ Rxf5 22. Be4 Rf6 23. h4 h5 24. Qg5 Bc8 25. Re2 Ref7 26. Rae1 Bg4 27. Rd2
Bf3 28. Re3 Bxe4 29. Rxe4 Rf5 30. Qe3 Rf3 31. Qe2 1/2-1/2

[Event "17. Europa ch Juvenil - Masculino s14"]
[Site "Sibenik CRO"]
[Date "2007.09.14"]
[Round "1.4"]
[White "Tomazini, Aljosa"]
[Black "Ter-Sahakyan, Samvel"]
[Result "1/2-1/2"]
[WhiteElo "1989"]
[BlackElo "2343"]
[PlyCount "200"]
[EventDate "2007.09.14"]
[EventType "swiss"]
[EventRounds "9"]
[EventCountry "CRO"]
[Source "lmi"]
[SourceDate "2007.09.14"]

1. e4 c5 2. Nc3 e6 3. f4 Nc6 4. Nf3 d5 5. d3 Nf6 6. g3 b6 7. Bg2 dxe4 8. Nxe4
Nxe4 9. dxe4 Qxd1+ 10. Kxd1 Ba6 11. c3 O-O-O+ 12. Ke1 Be7 13. Be3 Bd3 14. Nd2
Rd7 15. Bf1 Bxf1 16. Rxf1 f5 17. e5 Rhd8 18. Ke2 Kb7 19. Nb3 Nb8 20. Rad1 Kc6
21. Rxd7 Nxd7 22. Rd1 g5 23. Nd2 gxf4 24. gxf4 Rg8 25. Rg1 Rxg1 26. Bxg1 b5 27.
b3 Nb6 28. c4 bxc4 29. bxc4 Na4 30. Kd3 Bd8 31. Nb3 Bh4 32. Kd2 Be7 33. Be3 Nb6
34. Kd3 Nd7 35. Bf2 Kb6 36. Be1 Nb8 37. a3 Nd7 38. Kc2 Kc6 39. Na5+ Kc7 40. Nb3
Nf8 41. Kd3 Kc6 42. Na5+ Kb6 43. Nb3 Ng6 44. Ke3 Nh8 45. Kf3 Nf7 46. Ba5+ Kb7
47. Be1 Nd8 48. Ke3 Ka6 49. Na5 Kb6 50. Ke2 Nf7 51. Nb3 Nh6 52. Kf3 Ng4 53. h3
Nh6 54. Ke2 Nf7 55. Ke3 Nh8 56. Ke2 Ng6 57. Kf3 Nf8 58. Ke2 Nd7 59. Ke3 Nb8 60.
Na5 Ka6 61. Nb3 Nc6 62. Kd3 Kb6 63. Bf2 Na5 64. Kc3 Nc6 65. Kd3 Nb8 66. Be1 Nd7
67. Ke2 Kc6 68. Na5+ Kc7 69. Nb3 a6 70. Kd3 Bf8 71. Ke2 Kb7 72. Ba5 Be7 73. Be1
Nb6 74. Kd3 Kc6 75. Na5+ Kc7 76. Nb3 Nd7 77. Bf2 Kc6 78. Be1 Nf8 79. Ke2 Ng6
80. Kf3 Bf8 81. Bd2 Be7 82. Be1 Nf8 83. Ke2 Nd7 84. Kd3 Bd8 85. Na5+ Bxa5 86.
Bxa5 Kb7 87. Bd2 Kb6 88. Be1 Nf8 89. Ke2 Ng6 90. Bd2 Ne7 91. Kd3 Nc6 92. Be3
Na5 93. Kc3 Kc6 94. Bf2 Nb7 95. Kd3 Kd7 96. Be1 Ke7 97. Bf2 Kf7 98. Kc3 Ke8 99.
Kd3 Kd7 100. Ke3 Kc6 1/2-1/2

[Event "17. Europa ch Juvenil - Masculino s14"]
[Site "Sibenik CRO"]
[Date "2007.09.14"]
[Round "1.5"]
[White "Arribas Lopez, Angel"]
[Black "Kosmas-Lekkas, Dimitiros"]
[Result "1-0"]
[WhiteElo "2292"]
[BlackElo "1984"]
[PlyCount "65"]
[EventDate "2007.09.14"]
[EventType "swiss"]
[EventRounds "9"]
[EventCountry "CRO"]
[Source "lmi"]
[SourceDate "2007.09.14"]

1. e4 c5 2. Nf3 e6 3. d3 Nc6 4. g3 d6 5. Bg2 g6 6. O-O Bg7 7. Re1 Nge7 8. c3
O-O 9. Nbd2 b5 10. a4 b4 11. Qc2 bxc3 12. bxc3 Nb4 13. cxb4 Bxa1 14. bxc5 dxc5
15. e5 Rb8 16. Ne4 Bd4 17. Nxd4 Qxd4 18. Nf6+ Kg7 19. Re4 Qa1 20. Qd2 Ng8 21.
Rh4 Rd8 22. Rxh7+ Kf8 23. Rh8 Rb1 24. Rxg8+ Ke7 25. Nd5+ Rxd5 26. Qg5+ Kd7 27.
Qd8+ Kc6 28. Bxd5+ exd5 29. Qxc8+ Kb6 30. Qd8+ Ka6 31. Qd6+ Ka5 32. Qxc5+ Ka6
33. Rc8 1-0

[Event "17. Europa ch Juvenil - Masculino s14"]
[Site "Sibenik CRO"]
[Date "2007.09.14"]
[Round "1.6"]
[White "Filipovic, Ivan"]
[Black "Swiercz, Dariusz"]
[Result "0-1"]
[WhiteElo "1983"]
[BlackElo "2281"]
[PlyCount "78"]
[EventDate "2007.09.14"]
[EventType "swiss"]
[EventRounds "9"]
[EventCountry "CRO"]
[Source "lmi"]
[SourceDate "2007.09.14"]

1. e4 c5 2. Nf3 e6 3. d4 cxd4 4. Nxd4 a6 5. Nc3 b5 6. Be3 Bb7 7. Qd2 b4 8. Na4
Bxe4 9. Nb3 Nc6 10. Nac5 Bd5 11. O-O-O Nf6 12. f3 Be7 13. Qf2 O-O 14. Rg1 Ne5
15. Bd4 Nc6 16. Be3 a5 17. Na4 Qc7 18. g4 Bxb3 19. axb3 Nd5 20. Nb6 Nxe3 21.
Qxe3 Rad8 22. Bd3 d5 23. Na4 Bd6 24. Qf2 Bf4+ 25. Kb1 Ne5 26. g5 Nxd3 27. Rxd3
e5 28. h4 e4 29. fxe4 dxe4 30. Rxd8 Rxd8 31. Rg4 e3 32. Qf3 Re8 33. Rxf4 Qxf4
34. Qxf4 e2 35. Qf2 e1=Q+ 36. Qxe1 Rxe1+ 37. Ka2 Rh1 38. Nb6 Rxh4 39. Nd5 Rh2
0-1

[Event "17. Europa ch Juvenil - Masculino s14"]
[Site "Sibenik CRO"]
[Date "2007.09.14"]
[Round "1.7"]
[White "Plat, Vojtech"]
[Black "Mammadov, Zaur"]
[Result "1/2-1/2"]
[WhiteElo "2279"]
[BlackElo "1980"]
[PlyCount "70"]
[EventDate "2007.09.14"]
[EventType "swiss"]
[EventRounds "9"]
[EventCountry "CRO"]
[Source "lmi"]
[SourceDate "2007.09.14"]

1. e4 c6 2. d4 d5 3. exd5 cxd5 4. c4 Nf6 5. Nc3 e6 6. Nf3 Nc6 7. a3 dxc4 8.
Bxc4 Be7 9. O-O O-O 10. Bf4 a6 11. Qd3 b5 12. Bb3 b4 13. axb4 Nxb4 14. Qe2 Bb7
15. Rfd1 Nfd5 16. Bg3 Rc8 17. Rac1 Qb6 18. Na4 Qa7 19. Ne5 Rxc1 20. Rxc1 Qxd4
21. Nc5 Rc8 22. Rc4 Qxc5 23. Rxc5 Rxc5 24. h3 a5 25. Kh2 Bc8 26. Ba4 Nf6 27.
Qf3 Nbd5 28. Nd3 Rc4 29. Bb5 Re4 30. Qd1 Bd7 31. f3 Bxb5 32. fxe4 Nxe4 33. Qb3
Nxg3 34. Kxg3 g6 35. Kf3 Bb4 1/2-1/2

[Event "17. Europa ch Juvenil - Masculino s14"]
[Site "Sibenik CRO"]
[Date "2007.09.14"]
[Round "1.8"]
[White "Seitz, Benjamin"]
[Black "Graf, Felix"]
[Result "0-1"]
[WhiteElo "1980"]
[BlackElo "2273"]
[PlyCount "80"]
[EventDate "2007.09.14"]
[EventType "swiss"]
[EventRounds "9"]
[EventCountry "CRO"]
[Source "lmi"]
[SourceDate "2007.09.14"]

1. Nf3 Nf6 2. d4 e6 3. e3 b6 4. Nbd2 Bb7 5. Bd3 c5 6. c3 cxd4 7. exd4 Be7 8.
O-O O-O 9. Ne5 d6 10. Ng4 Nbd7 11. f4 Qc7 12. Qe2 Rae8 13. f5 e5 14. dxe5 Nxg4
15. Qxg4 Nxe5 16. Qh3 Nxd3 17. Qxd3 Bf6 18. Kh1 Re7 19. Nf3 Be4 20. Qd1 Bxf5
21. Nd4 Bxd4 22. Qxd4 Be4 23. Bf4 Qc6 24. Rf2 Rfe8 25. Raf1 Re6 26. h3 Bd5 27.
b3 Re2 28. Rxe2 Rxe2 29. Rf2 Bxg2+ 30. Kh2 Rxf2 31. Qxf2 Be4 32. Qg3 Qd5 33.
Qe3 f5 34. c4 Qd1 35. Qf2 h6 36. Bd2 g5 37. Be1 f4 38. Qg1 Qf3 39. Bf2 Kf7 40.
b4 h5 0-1

[Event "17. Europa ch Juvenil - Masculino s14"]
[Site "Sibenik CRO"]
[Date "2007.09.14"]
[Round "1.9"]
[White "Urkedal, Frode"]
[Black "Feher, Adam"]
[Result "1-0"]
[WhiteElo "2235"]
[BlackElo "1977"]
[PlyCount "76"]
[EventDate "2007.09.14"]
[EventType "swiss"]
[EventRounds "9"]
[EventCountry "CRO"]
[Source "lmi"]
[SourceDate "2007.09.14"]

1. d4 d5 2. c4 dxc4 3. Nf3 c5 4. d5 Nf6 5. Nc3 e6 6. e4 exd5 7. e5 Ne4 8. Qxd5
Nxc3 9. Qxd8+ Kxd8 10. bxc3 Be6 11. Ng5 Nd7 12. Nxe6+ fxe6 13. f4 Nb6 14. a4 a5
15. g3 Kc7 16. h4 Be7 17. Bh3 Rhd8 18. Bxe6 Rd3 19. Rg1 Rad8 20. Bg4 Nd5 21.
Bf5 Rxc3 22. Bd2 Rb3 23. Bc2 Rb2 24. O-O-O c3 25. Bxc3 Nxc3 26. Kxb2 Nxd1+ 27.
Rxd1 Rxd1 28. Bxd1 c4 29. h5 Bc5 30. Kc3 Bf2 31. h6 gxh6 32. f5 Bxg3 33. Kd4
Kd7 34. Kd5 c3 35. f6 c2 36. Bxc2 Be1 37. e6+ Kd8 38. e7+ Kd7 1-0

[Event "17. Europa ch Juvenil - Masculino s14"]
[Site "Sibenik CRO"]
[Date "2007.09.14"]
[Round "1.10"]
[White "Azad, Razik"]
[Black "Kanarek, Marcel"]
[Result "0-1"]
[WhiteElo "1976"]
[BlackElo "2226"]
[PlyCount "64"]
[EventDate "2007.09.14"]
[EventType "swiss"]
[EventRounds "9"]
[EventCountry "CRO"]
[Source "lmi"]
[SourceDate "2007.09.14"]

1. e4 c5 2. Nf3 Nc6 3. d4 cxd4 4. Nxd4 e5 5. Nb5 d6 6. N1c3 a6 7. Na3 b5 8. Nd5
Nge7 9. c4 Nd4 10. cxb5 Nxd5 11. exd5 Be7 12. Bd3 O-O 13. O-O f5 14. f4 Nxb5
15. Nxb5 axb5 16. Kh1 Bd7 17. Qb3 e4 18. Bxb5 Rb8 19. a4 Qa5 20. Qc3 Rxb5 21.
b4 Qxb4 22. Qg3 Rxd5 23. Ba3 Qc4 24. Bb2 Bf6 25. Bxf6 Rxf6 26. Rfc1 Qd3 27. Qg5
h6 28. Qh5 Kh7 29. h3 Rg6 30. Rc7 Bxa4 31. Qh4 Qc2 32. Rg1 Rd1 0-1

[Event "17. Europa ch Juvenil - Masculino s14"]
[Site "Sibenik CRO"]
[Date "2007.09.14"]
[Round "1.11"]
[White "Urjubdshzirov, Erdni"]
[Black "Anaya Lopez, Victor"]
[Result "1-0"]
[WhiteElo "2220"]
[BlackElo "1959"]
[PlyCount "63"]
[EventDate "2007.09.14"]
[EventType "swiss"]
[EventRounds "9"]
[EventCountry "CRO"]
[Source "lmi"]
[SourceDate "2007.09.14"]

1. e4 c5 2. Nf3 Nc6 3. d4 cxd4 4. Nxd4 Nf6 5. Nc3 e5 6. Ndb5 d6 7. Bg5 a6 8.
Na3 b5 9. Nd5 Be7 10. Bxf6 Bxf6 11. c3 O-O 12. Nc2 Bg5 13. a4 bxa4 14. Rxa4 a5
15. Bc4 Rb8 16. Ra2 Kh8 17. O-O f5 18. exf5 Bxf5 19. Nce3 Bg6 20. Qa4 Be8 21.
Qc2 Bf7 22. Ra4 Bxe3 23. fxe3 Bg6 24. Rxf8+ Qxf8 25. e4 Qd8 26. Bf1 Qg5 27. Qf2
Qc1 28. Rc4 h6 29. Rxc6 Bxe4 30. Rxd6 Kh7 31. Qe3 Qb1 32. Rxh6+ 1-0

[Event "17. Europa ch Juvenil - Masculino s14"]
[Site "Sibenik CRO"]
[Date "2007.09.14"]
[Round "1.12"]
[White "Lafosse, Jimmy"]
[Black "Bogdanovich, Stanislav"]
[Result "0-1"]
[WhiteElo "1952"]
[BlackElo "2217"]
[PlyCount "122"]
[EventDate "2007.09.14"]
[EventType "swiss"]
[EventRounds "9"]
[EventCountry "CRO"]
[Source "lmi"]
[SourceDate "2007.09.14"]

1. d4 d5 2. c4 c6 3. Nc3 Nf6 4. e3 e6 5. Qc2 Bd6 6. Nf3 O-O 7. Bd2 Nbd7 8. Bd3
b6 9. cxd5 cxd5 10. e4 dxe4 11. Nxe4 Be7 12. O-O Bb7 13. Bf4 Bxe4 14. Bxe4 Rc8
15. Qe2 Nxe4 16. Qxe4 Nf6 17. Qe2 Nd5 18. Bg3 Bd6 19. Rac1 Bxg3 20. hxg3 Qe7
21. a3 Qb7 22. Nd2 Rxc1 23. Rxc1 Rc8 24. Rxc8+ Qxc8 25. Qc4 Qxc4 26. Nxc4 Kf8
27. Kf1 Ke7 28. Ke2 f6 29. Kd3 Kd7 30. Kc2 Kc6 31. Kd3 Ne7 32. Ne3 Nc8 33. Nd1
Nd6 34. Nc3 h5 35. Ne2 g5 36. Nc3 b5 37. b3 a5 38. a4 b4 39. Nd1 f5 40. Nb2 h4
41. gxh4 gxh4 42. Ke3 f4+ 43. Kxf4 Kd5 44. Ke3 Nf5+ 45. Kd3 Nxd4 46. Nc4 Nxb3
47. Ne3+ Kc5 48. Nc2 Nc1+ 49. Kd2 Na2 50. Na1 Nc3 51. Nb3+ Kb6 52. Nd4 Nxa4 53.
Nxe6 Nc5 54. Nd4 a4 55. Kc2 a3 56. Kb1 b3 57. f4 Ka5 58. f5 Kb4 59. f6 Kc4 60.
f7 Nd7 61. Nf3 Kc3 0-1

[Event "17. Europa ch Juvenil - Masculino s14"]
[Site "Sibenik CRO"]
[Date "2007.09.14"]
[Round "1.13"]
[White "Lagarde, Maxime"]
[Black "Andreev, Sasho"]
[Result "1-0"]
[WhiteElo "2200"]
[BlackElo "1945"]
[PlyCount "55"]
[EventDate "2007.09.14"]
[EventType "swiss"]
[EventRounds "9"]
[EventCountry "CRO"]
[Source "lmi"]
[SourceDate "2007.09.14"]

1. e4 e5 2. Nf3 Nc6 3. d4 exd4 4. Nxd4 Nf6 5. Nxc6 bxc6 6. e5 Qe7 7. Qe2 Nd5 8.
c4 Nb6 9. Nc3 Ba6 10. Qe4 Bb7 11. Be3 d5 12. exd6 cxd6 13. c5 dxc5 14. O-O-O
Qxe4 15. Nxe4 Nd5 16. Bc4 O-O-O 17. Bxc5 f5 18. Bxf8 fxe4 19. Bxg7 Rhg8 20. Be5
Rde8 21. Bg3 Rg7 22. Rhe1 Rge7 23. Kb1 a5 24. Be2 Rg7 25. Bh5 Re6 26. Rd4 Rg5
27. Bf7 Rf6 28. Bxd5 1-0

[Event "17. Europa ch Juvenil - Masculino s14"]
[Site "Sibenik CRO"]
[Date "2007.09.14"]
[Round "1.14"]
[White "Kantans, Toms"]
[Black "Aghasaryan, Robert"]
[Result "0-1"]
[WhiteElo "1928"]
[BlackElo "2198"]
[PlyCount "36"]
[EventDate "2007.09.14"]
[EventType "swiss"]
[EventRounds "9"]
[EventCountry "CRO"]
[Source "lmi"]
[SourceDate "2007.09.14"]

1. Nf3 d5 2. c4 e6 3. g3 c6 4. Bg2 Nf6 5. d4 Be7 6. O-O O-O 7. b3 b6 8. Bb2 Bb7
9. Nbd2 Nbd7 10. Qc2 c5 11. dxc5 bxc5 12. Ne5 Nxe5 13. Bxe5 Qb6 14. cxd5 exd5
15. Rfd1 Rac8 16. Rac1 Ng4 17. Ba1 c4 18. Qf5 Nxf2 0-1

[Event "17. Europa ch Juvenil - Masculino s14"]
[Site "Sibenik CRO"]
[Date "2007.09.14"]
[Round "1.15"]
[White "Popilski, Gil"]
[Black "Blazeka, Damjan"]
[Result "1-0"]
[WhiteElo "2193"]
[BlackElo "1925"]
[PlyCount "67"]
[EventDate "2007.09.14"]
[EventType "swiss"]
[EventRounds "9"]
[EventCountry "CRO"]
[Source "lmi"]
[SourceDate "2007.09.14"]

1. Nf3 Nf6 2. c4 g6 3. Nc3 d6 4. d4 Bg7 5. g3 O-O 6. Bg2 Nbd7 7. O-O e5 8. e4
exd4 9. Nxd4 Re8 10. h3 Nc5 11. Re1 c6 12. b4 Ne6 13. Nb3 Nd7 14. Bb2 Ne5 15.
Qe2 Qb6 16. a3 Nc7 17. Nd1 Be6 18. Ne3 Qa6 19. Nd2 Ng4 20. Bxg7 Nxe3 21. Qxe3
Kxg7 22. Qd4+ Kg8 23. Qxd6 Red8 24. Qf4 Ne8 25. e5 Rd3 26. Bf1 Rxa3 27. Rad1
Qa4 28. c5 Rd8 29. Be2 Nc7 30. Ne4 Rxd1 31. Bxd1 Qb5 32. Qh6 Ne8 33. Nf6+ Nxf6
34. exf6 1-0

[Event "17. Europa ch Juvenil - Masculino s14"]
[Site "Sibenik CRO"]
[Date "2007.09.14"]
[Round "1.17"]
[White "Petenyi, Tamas"]
[Black "Gaehwiler, Gabriel"]
[Result "1/2-1/2"]
[WhiteElo "2180"]
[BlackElo "1917"]
[PlyCount "47"]
[EventDate "2007.09.14"]
[EventType "swiss"]
[EventRounds "9"]
[EventCountry "CRO"]
[Source "lmi"]
[SourceDate "2007.09.14"]

1. c4 Nf6 2. Nc3 e6 3. e4 d5 4. cxd5 exd5 5. e5 Nfd7 6. Nf3 d4 7. Ne4 Nxe5 8.
Nxe5 Qd5 9. Bd3 Qxe5 10. O-O Be7 11. f4 Qd5 12. f5 Nd7 13. Qf3 Qc6 14. Qg3 O-O
15. b3 Nf6 16. Nxf6+ Bxf6 17. Ba3 Re8 18. Rae1 Bd7 19. Qf4 Rxe1 20. Rxe1 Re8
21. Rxe8+ Bxe8 22. Kf2 Qd7 23. g3 Qd8 24. h4 1/2-1/2

[Event "17. Europa ch Juvenil - Masculino s14"]
[Site "Sibenik CRO"]
[Date "2007.09.14"]
[Round "1.18"]
[White "Grdinic, Petar"]
[Black "Pavlidis, Antonios"]
[Result "1-0"]
[WhiteElo "1906"]
[BlackElo "2175"]
[PlyCount "76"]
[EventDate "2007.09.14"]
[EventType "swiss"]
[EventRounds "9"]
[EventCountry "CRO"]
[Source "lmi"]
[SourceDate "2007.09.14"]

1. e4 c5 2. Nf3 e6 3. d4 cxd4 4. Nxd4 Qb6 5. c3 Bc5 6. Qc2 Nc6 7. Nb3 Be7 8.
Be3 Qc7 9. Be2 Nf6 10. N1d2 d5 11. Bf3 Ne5 12. exd5 Nxf3+ 13. Nxf3 Nxd5 14. O-O
Nxe3 15. fxe3 O-O 16. Rad1 e5 17. Qe4 f6 18. Nh4 Rd8 19. Rxd8+ Qxd8 20. Nf5 Bf8
21. Qc4+ Kh8 22. Ng3 Qb6 23. Qe2 Be6 24. Rd1 a5 25. Kh1 Qc6 26. Qf3 Qc8 27. h3
a4 28. Nc1 a3 29. b3 Qxc3 30. Qxb7 Rc8 31. Qb6 Qc2 32. Rf1 Bd5 33. e4 Bxe4 34.
Nce2 Qxa2 35. Qe6 Bb7 36. Qf7 Ba8 37. Qd7 Rb8 38. Nc1 Qxg2# 1-0

[Event "17. Europa ch Juvenil - Masculino s14"]
[Site "Sibenik CRO"]
[Date "2007.09.14"]
[Round "1.20"]
[White "Laurusas, Tomas"]
[Black "Iljiushenok, Ilia"]
[Result "0-1"]
[WhiteElo "1888"]
[BlackElo "2157"]
[PlyCount "74"]
[EventDate "2007.09.14"]
[EventType "swiss"]
[EventRounds "9"]
[EventCountry "CRO"]
[Source "lmi"]
[SourceDate "2007.09.14"]

1. e4 c5 2. Nf3 Nc6 3. Bb5 g6 4. Bxc6 dxc6 5. d3 Bg7 6. Nc3 e5 7. Be3 Qe7 8. h3
Nf6 9. O-O Nd7 10. Nd2 Nf8 11. a4 Ne6 12. a5 O-O 13. Na4 Rd8 14. Ra3 Rb8 15.
Nc4 f5 16. exf5 gxf5 17. f3 Nd4 18. Re1 e4 19. fxe4 fxe4 20. Bf4 Qh4 21. Rxe4
Bf5 22. Bxb8 Bxe4 23. dxe4 Rxb8 24. Re3 Rf8 25. c3 Bh6 26. Rd3 Qf2+ 27. Kh1 Ne2
28. e5 Ng3+ 29. Kh2 Ne2 30. Kh1 Kh8 31. Nd6 Ng3+ 32. Kh2 Nf1+ 33. Kh1 Qf4 34.
Nf7+ Rxf7 35. Rd8+ Rf8 36. Rxf8+ Bxf8 37. g3 Qf2 0-1

[Event "17. Europa ch Juvenil - Masculino s14"]
[Site "Sibenik CRO"]
[Date "2007.09.14"]
[Round "1.21"]
[White "Kaphle, Stephan"]
[Black "Havas, Janko"]
[Result "1-0"]
[WhiteElo "2156"]
[BlackElo "1875"]
[PlyCount "121"]
[EventDate "2007.09.14"]
[EventType "swiss"]
[EventRounds "9"]
[EventCountry "CRO"]
[Source "lmi"]
[SourceDate "2007.09.14"]

1. e4 c5 2. Nf3 Nc6 3. d4 cxd4 4. Nxd4 Nf6 5. Nc3 e5 6. Ndb5 d6 7. Bg5 a6 8.
Na3 b5 9. Nd5 Be7 10. Bxf6 Bxf6 11. c4 b4 12. Nc2 a5 13. g3 Ne7 14. Bg2 Bb7 15.
Nxe7 Qxe7 16. Ne3 g6 17. O-O O-O 18. Qd3 Bg7 19. Rad1 Rad8 20. b3 Kh8 21. f4
exf4 22. gxf4 Rfe8 23. Nd5 Bxd5 24. Qxd5 Qc7 25. Kh1 Kg8 26. Rf3 Bh6 27. Rdf1
Qc5 28. Qd3 Re7 29. Rh3 Bg7 30. Qg3 Bf6 31. Rd1 Red7 32. Rd5 Qa7 33. Qd3 a4 34.
Rf3 axb3 35. axb3 Bg7 36. Bh3 Re7 37. e5 Bf8 38. exd6 Re1+ 39. Bf1 Qa1 40. c5
Qc1 41. Kg2 h5 42. Qd2 Qxd2+ 43. Rxd2 Rc1 44. Bc4 Rc3 45. Ra2 Rd7 46. Ra8 Kg7
47. Kf2 Rc2+ 48. Ke3 Rxh2 49. Bb5 Bxd6 50. Bxd7 Bxc5+ 51. Kd3 Bd6 52. Ra7 Rb2
53. Be6 Kf6 54. Bd5 Kf5 55. Rxf7+ Kg4 56. Rf6 g5 57. Rxd6 gxf4 58. Rg6+ Kf5 59.
Be4+ Ke5 60. Rg5+ Ke6 61. Rxf4 1-0

[Event "17. Europa ch Juvenil - Masculino s14"]
[Site "Sibenik CRO"]
[Date "2007.09.14"]
[Round "1.22"]
[White "Rozic, Samo"]
[Black "Kovalev, Vladislav"]
[Result "0-1"]
[WhiteElo "1852"]
[BlackElo "2154"]
[PlyCount "70"]
[EventDate "2007.09.14"]
[EventType "swiss"]
[EventRounds "9"]
[EventCountry "CRO"]
[Source "lmi"]
[SourceDate "2007.09.14"]

1. e4 c5 2. Nc3 Nc6 3. g3 g6 4. Bg2 Bg7 5. d3 e6 6. f4 Nge7 7. Nf3 d6 8. O-O
O-O 9. Be3 Nd4 10. Qd2 Rb8 11. Rae1 b5 12. Nd1 b4 13. c3 Nxf3+ 14. Bxf3 bxc3
15. bxc3 Qa5 16. Qc2 Ba6 17. Bd2 Qb5 18. c4 Qb1 19. Qxb1 Rxb1 20. e5 dxe5 21.
fxe5 Nf5 22. Bc3 Rd8 23. Nf2 Rxe1 24. Rxe1 Nd4 25. Bxd4 Rxd4 26. Bd1 Kf8 27.
Bc2 Bb7 28. h3 Ke7 29. Nd1 Bc6 30. Nc3 h5 31. Kf2 h4 32. g4 Rf4+ 33. Ke3 Bxe5
34. Ne2 Rf3+ 35. Kd2 Rxh3 0-1

[Event "17. Europa ch Juvenil - Masculino s14"]
[Site "Sibenik CRO"]
[Date "2007.09.14"]
[Round "1.24"]
[White "Bertusi, Misel"]
[Black "Toropov, Pavel"]
[Result "0-1"]
[WhiteElo "1839"]
[BlackElo "2153"]
[PlyCount "58"]
[EventDate "2007.09.14"]
[EventType "swiss"]
[EventRounds "9"]
[EventCountry "CRO"]
[Source "lmi"]
[SourceDate "2007.09.14"]

1. e4 c5 2. Nf3 Nc6 3. d4 cxd4 4. Nxd4 Qb6 5. Nb3 Nf6 6. Nc3 e6 7. Be3 Qc7 8.
Be2 Bb4 9. Qd3 Qe5 10. Bf3 d5 11. exd5 exd5 12. Nd4 O-O 13. O-O Ng4 14. Bxg4
Bxg4 15. Rfe1 Rae8 16. Nxc6 bxc6 17. Bxa7 Qxe1+ 18. Rxe1 Rxe1+ 19. Qf1 Rxf1+
20. Kxf1 Bxc3 21. bxc3 Ra8 22. Bd4 Rxa2 23. f3 Bf5 24. g4 Bxc2 25. Kg2 Bd3+ 26.
Kg3 Rc2 27. h4 c5 28. Bxc5 Rxc3 29. Bd4 Rc4 0-1

[Event "17. Europa ch Juvenil - Masculino s14"]
[Site "Sibenik CRO"]
[Date "2007.09.14"]
[Round "1.25"]
[White "Stella, Andrea"]
[Black "Havas, Juraj"]
[Result "1/2-1/2"]
[WhiteElo "2132"]
[BlackElo "1837"]
[PlyCount "119"]
[EventDate "2007.09.14"]
[EventType "swiss"]
[EventRounds "9"]
[EventCountry "CRO"]
[Source "lmi"]
[SourceDate "2007.09.14"]

1. d4 Nf6 2. c4 g6 3. Nc3 Bg7 4. e4 d6 5. Nf3 O-O 6. Be2 e5 7. O-O Nc6 8. d5
Ne7 9. b4 Nh5 10. Re1 Nf4 11. Bf1 f5 12. Bxf4 exf4 13. e5 dxe5 14. Nxe5 g5 15.
Rc1 a5 16. a3 axb4 17. axb4 Ng6 18. Nxg6 hxg6 19. c5 Bd7 20. Bc4 Kh7 21. b5 Ra3
22. Nb1 Ra8 23. c6 Bc8 24. Nd2 b6 25. Nf3 Bf6 26. Nd4 Re8 27. Ne6 Bxe6 28. dxe6
Be7 29. Qd7 Kg7 30. Ra1 Rxa1 31. Rxa1 Qb8 32. Rd1 Qd8 33. Qxd8 Rxd8 34. Rd7
Rxd7 35. exd7 Kf6 36. Kf1 Ke5 37. Ke2 Bd8 38. Kd3 Be7 39. Bf7 Kf6 40. Bc4 Ke5
41. f3 Bd8 42. Bf7 Kf6 43. Bc4 Ke5 44. h3 Be7 45. Bf7 Kf6 46. Be8 Bd8 47. Kd4
Be7 48. Kd3 Bd8 49. Ke2 Be7 50. Kf2 Bc5+ 51. Kf1 Be7 52. Ke2 Bd8 53. Kf2 Be7
54. g3 fxg3+ 55. Kxg3 Bd6+ 56. f4 gxf4+ 57. Kf3 Be7 58. Kxf4 g5+ 59. Kf3 Ke5
60. Bg6 1/2-1/2

[Event "17. Europa ch Juvenil - Masculino s14"]
[Site "Sibenik CRO"]
[Date "2007.09.14"]
[Round "1.26"]
[White "Ballas, Kleon-Evangelos"]
[Black "Szabo, Bence"]
[Result "1-0"]
[WhiteElo "1824"]
[BlackElo "2131"]
[PlyCount "78"]
[EventDate "2007.09.14"]
[EventType "swiss"]
[EventRounds "9"]
[EventCountry "CRO"]
[Source "lmi"]
[SourceDate "2007.09.14"]

1. d4 Nf6 2. c4 e6 3. Nf3 b6 4. a3 c5 5. d5 Ba6 6. Qc2 exd5 7. cxd5 d6 8. e4
Bxf1 9. Kxf1 g6 10. Bf4 Nbd7 11. g3 Qc7 12. Nc3 a6 13. e5 dxe5 14. Nxe5 Bd6 15.
Nxd7 Kxd7 16. Bxd6 Qxd6 17. Kg2 Rhe8 18. Rhe1 b5 19. Re3 Rxe3 20. fxe3 Re8 21.
e4 Re5 22. Kf3 Ke7 23. b4 Kf8 24. Qd3 Kg7 25. bxc5 Qxc5 26. Qe3 Qc4 27. Rd1 Qb3
28. d6 Rxe4 29. Qxe4 Nxe4 30. Kxe4 Qxc3 31. d7 Qc2+ 32. Rd3 Qe2+ 33. Kd4 Qe7
34. Kc3 Qd8 35. Kb4 Kf8 36. Rd4 f5 37. Kc5 Qc7+ 38. Kb4 Ke7 39. h4 h6 1-0